| 000 | 00642nam a2200169 a 4500 | ||
|---|---|---|---|
| 001 | 000028258 | ||
| 005 | 20200930031501.0 | ||
| 008 | 110407s2007 dr a 000 0 spa d | ||
| 040 |
_aDO-SdBNP _bspa _cBNPHU |
||
| 082 |
_axxxx _bH887 |
||
| 245 | 0 | 0 |
_aHuellas de una década construyendo : 1997-2007 / _cedición y compilación Jacqueline Viteri. |
| 260 |
_aSanto Domingo : _bDirección de Comunicaciones y Relaciones Públicas del Poder Judicial, _c2007. |
||
| 300 |
_a159 p. : _bil. ; _c28 cm. |
||
| 700 | 1 |
_aViteri, Jacqueline _955249 |
|
| 710 | 2 |
_aDirección de Comunicaciones y Relaciones Públicas del Poder Judicial _955250 |
|
| 049 | _aBNPD | ||
| 999 |
_c27750 _d27750 |
||